000 00292nam a22001337a 4500
082 _a894.812.3
_bSHA/K
100 _aSHAKESPEARE,WILLIAM
245 _aLEAR RAJAVU
250 _aSECOND
260 _aTHRISSUR
_bH&C PUBLISHING HOUSE
_c2012
300 _a64
650 _aSHORT STORY
942 _cBK
999 _c1359
_d1359